000 00737nam a2200253Ia 4500
003 OSt
005 20220918192528.0
006 a|||||r|||| 00| 0
007 ta
008 220917b |||||||| |||| 00| 0 eng d
024 _a68,848
037 _cTextual
040 _aARTS
_cARTS
_beng
041 _2eng
_aeng
082 _aR3, M1
100 _aNoonan Harold W
_916921
245 0 _aObjects and identity
_b an examination of the relative identity thesis and its consequances
260 _aHague
_bMartinus Nijhoff
_c1981
300 _axiv,176p.
_ccm.
490 _aMolbourne international philosophy series; 6
650 _aPHILOSOPHY
942 _hR3, M1
_cTEXL
_2CC
999 _c195019
_d195019